Transfer of technology among the developing countries

Wedi'i Gadw mewn:
Manylion Llyfryddiaeth
Prif Awdur: Bhattasali, B. N.
Fformat: Llyfr
Iaith:Undetermined
Cyhoeddwyd: Tokyo, Japan Asian Productivity Organization 1972
Pynciau:
Tagiau: Ychwanegu Tag
Dim Tagiau, Byddwch y cyntaf i dagio'r cofnod hwn!
Thư viện lưu trữ: Trung tâm Học liệu Trường Đại học Cần Thơ
LEADER 00561nam a2200193Ia 4500
001 CTU_107219
008 210402s9999 xx 000 0 und d
082 |a 607.21724 
082 |b B575 
100 |a Bhattasali, B. N. 
245 0 |a Transfer of technology among the developing countries 
245 0 |c B. N. Bhattasali 
260 |a Tokyo, Japan 
260 |b Asian Productivity Organization 
260 |c 1972 
650 |a Technology transfer 
650 |x Developing countries 
904 |i Minh 
980 |a Trung tâm Học liệu Trường Đại học Cần Thơ